Năng lượng tái tạo

Đã lưu trong:
Bibliografiske detaljer
Hovedforfatter: Nguyễn Thanh Hào
Format: Bog
Sprog:Vietnamese
Udgivet: Đại học Quốc gia TPHCM 2012
Fag:
Tags: Tilføj Tag
Ingen Tags, Vær først til at tagge denne postø!
Thư viện lưu trữ: Mạng thư viện Đại học Đà Nẵng
LEADER 01001nam a2200313 a 4500
001 000002911
003 03785
005 20171229145311.0
008 171229s2012 vie
040 |a LSK 
041 0 |a VIE 
082 0 |a 621.47  |b NG-H 
100 1 |a Nguyễn Thanh Hào 
245 0 0 |a Năng lượng tái tạo 
260 |b Đại học Quốc gia TPHCM  |c 2012 
300 |a 415 pages  |c 24 cm. 
653 |a Nhiệt học - Năng lượng tái tạo 
852 |a Phòng Đọc - Phòng Mượn 
901 |a 10 
927 |a Sách tham khảo 
OWN |a LSK 
AVA |a UDN50  |b LSK  |d 621.47 NG-H  |e available  |t Error 5001 Not defined in file expand_doc_bib_avail.  |f 10  |g 1  |h N  |i 0  |k 1 
999 |a From the UDN01 
AVA |a UDN50  |b LSK  |d 621.47 NG-H  |e available  |t Error 5001 Not defined in file expand_doc_bib_avail.  |f 10  |g 1  |h N  |i 0  |k 1 
TYP |a Monograph 
TYP |a Printed language 
980 |a Mạng thư viện Đại học Đà Nẵng